000 00593cam a22002053a 4500
001 39831
003 PGUSA
005 20140828083904.0
008 120528s2012||||xxu|||||s|||||000 | eng d
040 _aPGUSA
_beng
042 _adc
100 1 _aWorthington, A. M.
_q(Arthur Mason),
_d1852-1916
245 1 2 _aA Study of Splashes
_h[electronic resource] /
_cA. M. Worthington
260 _bProject Gutenberg,
_c2012
506 _aPublic domain in the USA.
516 _aElectronic text
830 0 _aProject Gutenberg
_v39831
856 4 0 _uhttp://www.gutenberg.org/ebooks/39831
942 _cEB
999 _c269084
_d269084